| 000 | 01244nam a2200229Ia 4500 | ||
|---|---|---|---|
| 001 | L230-5612 | ||
| 003 | IT-CnALBA | ||
| 008 | 170116s9999||||xx |||||||||||||| ||und|| | ||
| 040 |
_aIT-CnALBA _cIT-CnALBA |
||
| 041 | _aLATINO | ||
| 100 | _aBONAVENTURA DA BAGNOREGIO, SANTO | ||
| 245 | 0 | _aOPERA THEOLOGICA SELECTA. DE SACRAMENTIS ET DE NOVISSIMIS. | |
| 250 | _a1a ed. | ||
| 260 |
_a FIRENZE _bAD CLARAS AQUAS _c1949 [1° Ed.:1949 - Ed.Ling.Originale: 1949] |
||
| 300 | _a1054 p. (prefazione: 13) | ||
| 500 | _aCURATORE PACIFICO PIERANTONIO. SACRAMENTI IN GENERE. BATTESIMO DI GIOVANNI. BATTESIMO. CARATTERE DEL BATTESIMO. CONFERMAZIONE O CRESIMA. EUCARESTIA. PENITENZA O RICONCILIAZIONE. SCOMUNICA PURGATORIO. ESTREMA UNZIONE O UNZIONE DEGLI INFERMI. SACRAMENTO DEL | ||
| 501 | _aSocietà San Paolo EM - Piazza San Paolo, 14 - 12051 ALBA (CN) (non commercial uses only) ® Copyright 2017 | ||
| 520 | _aCURATORE PACIFICO PIERANTONIO. SACRAMENTI IN GENERE. BATTESIMO DI GIOVANNI. BATTESIMO. CARATTERE DEL BATTESIMO. CONFERMAZIONE O CRESIMA. EUCARESTIA. PENITENZA O RICONCILIAZIONE. SCOMUNICA PURGATORIO. ESTREMA UNZIONE O UNZIONE DEGLI INFERMI. SACRAMENTO DEL | ||
| 650 | _aDOGMATICA CRISTIANA | ||
| 942 | _cBK | ||
| 957 | _71 | ||
| 999 |
_a6591 _bSI _g Copie: 1 _c264798 _d264798 |
||